| 000 | 00566nam a22001697a 4500 | ||
|---|---|---|---|
| 005 | 20251108164028.0 | ||
| 008 | 250721s1986 xx 000 0 ara d | ||
| 082 | 1 | 4 | _a150/سيك |
| 100 | 1 | _aفرويد، | |
| 245 | 1 | 0 |
_aسيكولوجية العدوان : _bبحوث في ديناميكية العدوان لدى الفرد - الجماعة- الدولة / |
| 264 | 1 |
_aعمان : _bدار منارات، _c1986. |
|
| 300 | _a254ص. | ||
| 650 | 1 | 7 | _aعلم النفس |
| 700 | 1 |
_aناصيف، عبد الكريم _eترجمة |
|
| 942 |
_2ddc _cBK |
||
| 999 |
_c1831 _d1831 |
||